| 000 | 00418nam a22001457a 4500 | ||
|---|---|---|---|
| 005 | 20150330145924.0 | ||
| 008 | 150330b xxu||||| |||| 00| 0 eng d | ||
| 040 | _cPK-LaUMT | ||
| 082 |
_aKHC 954.035 _bBHA-P |
||
| 100 | _aبھگت سنگھ بلگہ | ||
| 245 |
_aپنجاب کی سیاسی جدوجہد _cبھگت سنگھ بلگہ |
||
| 260 |
_aلاہور _bفکشن ہاوس _c2003 |
||
| 300 | _a175 ص | ||
| 942 | _cBK | ||
| 999 |
_c68469 _d68469 |
||